Das einzige Bundesland ... - Statistiken

Allgemein
  • Dieses Quiz wurde 175 mal gespielt
  • Das Durchschnittsergebnis liegt bei 11 aus 16
Antwortstatistiken
Das einzige Bundesland, ... Bundesland % Korrekt
das ein anderes Bundesland komplett umschließt. Brandenburg
94%
welches an zwei verschiedene Meere grenzt. Schleswig-Holstein
94%
das eine Insel hat, die größer als 500 km² ist. Mecklenburg-Vorpommern
92%
in welchem schon drei deutsche Bundeskanzler geboren wurden. Nordrhein-Westfalen
90%
das nur aus zwei Städten besteht. Bremen
87%
das an genau 6 andere Bundesländer grenzt. Hessen
87%
in welchem es Städte gibt, die offiziell den Beinamen "Lutherstadt" tragen. Sachsen-Anhalt
82%
das größer als Irland ist. Bayern
80%
das mehr als 2 Grenzen von Niedersachsen entfernt ist. Saarland
77%
das zu den neuen Bundesländer gehört und an drei der alten Bundesländer grenzt. Thüringen
75%
in welches Straßenbahnsysteme aus anderen Staaten reichen. Baden-Württemberg
68%
das an drei andere Staaten grenzt. Rheinland-Pfalz
54%
das den Weltkindertag als Feiertag führt. Thüringen
50%
dessen Hauptstadt keine Großstadt ist. Mecklenburg-Vorpommern
49%
dessen Hauptstadt und größte Stadt über 80 km auseinander liegen. Sachsen
39%
das im Juni 2025 von einer Partei alleine regiert wird. Saarland
27%
Keine übereinstimmenden Quizze gefunden
Verteilung der Resultate
Anzahl Personen mit jedem Resultat
Perzentil nach korrekt beantworteten Fragen
Ihre Resultats-Entwicklung
Sie haben dieses Quiz noch nicht gespielt